00508 2200169 4500001002100000005001500021035002000036007000300056008004100059082001100100084001700111100002100128245007000149260006100219300004200280650001600322INLIS00000000000027020231128112404 a0010-1123000053ta231128 g 0 ind  a634.44 a634.44 MAH f0 aMaharani Hasanah1 aForum Komunikasi Ilmiah Komuditas Jambu Mente /cMaharani Hasanah aBogor :bBalai Penelitian Tamanam Rempah dan Obat,c1996 ax, 276 hlm, :bilus, ;c16 cm x 24 cm 4aJambu Mente